[Event "23rd ETCC Open 2021"]
[Site "Catez"]
[Date "2021.11.19"]
[Round "7.27"]
[White "Jones, Gawain C B"]
[Black "Parligras, Mircea-Emilian"]
[Result "1-0"]
[WhiteElo "2654"]
[BlackElo "2576"]
[Annotator "TA"]
[PlyCount "77"]
[EventDate "2021.11.08"]
[EventType "team-tourn"]
[EventCountry "SLO"]
[SourceTitle "playchess.com"]
[Source "ChessBase"]
[SourceQuality "1"]
[WhiteTeam "England"]
[BlackTeam "Romania"]
[WhiteTeamCountry "ENG"]
[BlackTeamCountry "ROU"]

{[%evp 11,77,18,10,20,10,9,20,18,22,17,26,9,16,23,20,26,26,16,59,68,65,68,97,
99,108,106,102,107,158,135,214,216,210,231,225,229,228,227,236,230,228,229,219,
219,249,223,340,305,360,348,288,245,242,242,239,239,937,935,917,922,907,893,
876,875,741,734,727,716]} 1. e4 e5 2. Nf3 Nc6 3. Bb5 Nf6 4. d3 Bc5 5. c3 O-O 6.
O-O d6 7. Re1 {C65: Ruy Lopez: Berlin Defence (3...Nf6), unusual lines and 4
0-0 Bc5.} Ne7 8. d4 Bb6 9. a4 $5 {[%mdl 4] Strongly threatening a5.The
position is equal. Leaves trodden paths.} a6 10. Bf1 Ng6 11. Nbd2 Re8 12. h3
Ba7 13. b4 {[#]} Bd7 $146 ({Predecessor:} 13... c6 14. Qc2 Be6 15. Bb2 a5 16.
b5 Qc7 17. bxc6 bxc6 18. Rad1 Rab8 19. Ba3 d5 20. exd5 Bxd5 {1/2-1/2 (45)
Carlsen,M (2847)-Radjabov,T (2765) chess24.com INT 2021}) 14. Bb2 b5 15. axb5
axb5 16. c4 bxc4 {Black is on the road to losing.} 17. dxe5 (17. Bxc4 exd4 18.
Qb3 (18. Nxd4 Ne5 $11) (18. Bxd4 Bxd4 19. Nxd4 Ne5 $11) 18... Be6 $11) 17...
Nxe5 18. Nxe5 dxe5 19. Nxc4 Bc6 (19... Bd4 $142) 20. Nxe5 $16 Qxd1 (20... Bxe4
$16 {was worth a try.} 21. Ng4 Qxd1 22. Nxf6+ (22. Raxd1 Nxg4 23. hxg4 Bb6 $11)
22... gxf6 23. Rexd1 (23. Raxd1 Bb6 $16) 23... Bb6) 21. Rexd1 $18 ({And not} 
21. Raxd1 Nxe4 22. Nxc6 Bxf2+ 23. Kh2 Bg3+ 24. Kg1 Bf2+ 25. Kh2 Bg3+ 26. Kg1
Bf2+ $11) 21... Bxe4 22. Bc4 Kf8 23. Nd7+ Nxd7 24. Rxd7 {[%mdl 64] [#] Double
Attack} Bg6 25. Rxc7 Bb6 26. Rxa8 Rxa8 {[#]} 27. Rb7 {[%cal Rb7b6]} Bd8 28. Bd4
h5 (28... Bf6 {might work better.}) 29. Bd5 Rc8 30. Bc5+ Kg8 31. Rd7 Bf6 32. f4
h4 33. Kf2 Rxc5 $2 (33... Bc3 34. f5 Bh5) 34. bxc5 {KRB-KB. White is clearly
winning.} Bd4+ 35. Kf3 Bh5+ 36. Ke4 Bxc5 37. Kf5 Kf8 38. Kg5 Bg6 39. f5 {
Weighted Error Value: White=0.03/Black=0.20} 1-0

[Event "23rd ETCC Open 2021"]
[Site "Catez"]
[Date "2021.11.19"]
[Round "7.28"]
[White "Gavrilescu, David"]
[Black "Howell, David W L"]
[Result "1/2-1/2"]
[WhiteElo "2514"]
[BlackElo "2648"]
[Annotator "TA"]
[PlyCount "37"]
[EventDate "2021.11.08"]
[EventType "team-tourn"]
[EventCountry "SLO"]
[SourceTitle "playchess.com"]
[Source "ChessBase"]
[SourceQuality "1"]
[WhiteTeam "Romania"]
[BlackTeam "England"]
[WhiteTeamCountry "ROU"]
[BlackTeamCountry "ENG"]

{[%evp 10,37,32,25,32,32,32,32,32,28,28,22,25,25,21,21,24,19,46,29,29,29,32,32,
31,0,0,0,34,0]} 1. e4 c6 2. Nf3 d5 3. Nc3 dxe4 4. Nxe4 Nf6 5. Qe2 Nxe4 6. Qxe4
Be6 {B11: Caro-Kann: Two Knights Variation.} 7. b3 Nd7 8. Bb2 Nf6 9. Qe3 Bf5
10. c4 e6 {[#]} 11. Be2 $146 ({Predecessor:} 11. h3 h6 12. Be2 Be7 13. O-O O-O
14. Rfe1 Bh7 15. Ne5 Ne4 16. d3 Bc5 17. d4 {0-1 (39) Hansen,E (2629)-Lenderman,
A (2626) Saint Louis 2018}) 11... Bb4 12. O-O O-O 13. h3 Bg6 14. d4 Nd7 15.
Rfd1 Bc2 16. Rdc1 Bg6 17. Rd1 Bc2 18. Rdc1 Bg6 19. Rd1 {Weighted Error Value:
White=0.04/Black=0.03} 1/2-1/2

[Event "23rd ETCC Open 2021"]
[Site "Catez"]
[Date "2021.11.19"]
[Round "7.29"]
[White "Yilmaz, Mustafa"]
[Black "Christiansen, Johan-Sebastian"]
[Result "1/2-1/2"]
[WhiteElo "2626"]
[BlackElo "2582"]
[Annotator "TA"]
[PlyCount "135"]
[EventDate "2021.11.08"]
[EventType "team-tourn"]
[EventCountry "SLO"]
[SourceTitle "playchess.com"]
[Source "ChessBase"]
[SourceQuality "1"]
[WhiteTeam "Turkey"]
[BlackTeam "Norway"]
[WhiteTeamCountry "TUR"]
[BlackTeamCountry "NOR"]

{[%evp 11,135,31,25,12,25,0,20,13,42,0,0,2,17,14,12,0,0,9,54,18,16,20,15,10,20,
11,9,0,0,4,8,0,0,0,0,0,0,0,0,0,24,24,24,24,24,24,27,21,23,23,23,23,23,24,37,38,
47,24,24,24,25,25,58,37,37,37,37,0,227,0,37,0,0,0,0,0,0,0,0,0,0,0,0,0,0,0,0,0,
0,0,0,0,0,0,0,0,0,0,0,0,0,0,0,0,0,0,0,0,0,0,0,0,0,0,0,0,0,0,0,0,0,0,0,0,0,0]} 
1. d4 d5 2. c4 dxc4 3. Nf3 Nf6 4. e3 e6 5. Bxc4 a6 6. O-O c5 7. Re1 {Recently
7.b3 got a lot of attention. D27: Queen's Gambit Accepted: Classical main line:
7 e4!? and 7 a4.} Nc6 8. Nc3 Be7 9. dxc5 Bxc5 {[#]} 10. Qc2 $146 ({Predecessor:
} 10. Bd3 O-O 11. e4 Ng4 12. Re2 Nb4 13. Bb1 Qxd1+ 14. Nxd1 Rd8 15. Nc3 b5 16.
a3 {0-1 (63) Pantzar,M (2424)-Badelka,O (2427) Chess.com INT 2020}) 10... O-O
11. a3 Qc7 12. Bd3 Bd6 13. Ne4 Nxe4 14. Bxe4 h6 15. Bd2 Bd7 16. Rac1 Rfd8 17.
Qb3 Be8 18. Bc3 Rac8 19. h4 Na5 20. Qa2 Bc6 21. Bxa5 Qxa5 22. Bxc6 Rxc6 23.
Rxc6 bxc6 24. Qc4 Qb5 25. Qxb5 axb5 $11 {[%mdl 4096] Endgame KRB-KRN} 26. Nd4
Rc8 27. Rc1 Be5 28. Nxc6 Kh7 29. Rc2 Bxb2 $1 30. Rxb2 Rxc6 31. Rxb5 {KR-KR} Ra6
$1 32. Rb3 Ra4 33. g3 g5 34. hxg5 hxg5 35. Kf1 Kg6 36. Ke2 g4 37. Kd3 Kf5 38.
Kc2 {aiming for Rb5+.} Ra7 39. Kb2 {Rb4 is the strong threat.} Rd7 $2 {[#]} (
39... Ke4 $1 $11) 40. Kc2 $2 (40. Rb4 $1 $18) 40... Ra7 $14 41. Kb2 Ke4 {
next ...Kf3 is good for Black.The position is equal.} 42. Rb4+ Kf3 43. Rf4+ Ke2
44. e4 e5 45. Rf5 Ra4 46. Kb3 ({Much worse is} 46. Rxe5 Kxf2 47. Re7 (47. Kb3
Ra7 $17) 47... f6 $17) 46... Rxe4 47. a4 Rd4 48. a5 e4 49. a6 Rd7 50. Kc4 Kf1
$1 51. Rf4 Re7 52. Kd4 {[#] Hoping for Ke3.} ({But not} 52. Rxg4 Kxf2 53. a7
Rxa7 $17) 52... e3 {Threatens to win with ...e2.} 53. fxe3+ Kg2 $1 54. Rxg4 (
54. e4 {is more complex.} Kxg3 55. Ke3 Ra7 56. Rf6 Kh2 57. Rh6+) 54... Ra7 55.
Rf4 {Black must now prevent Rf6.} (55. Rg7 {keeps more tension.} Rxa6 56. g4
Kf3 57. g5 Ra7 58. Kc4) 55... Rxa6 56. Rxf7 Kxg3 57. e4 Kg4 58. e5 Kg5 59. Kd5
(59. Re7 {is more complex.} Kf5 60. Rf7+ Kg5) 59... Kg6 (59... Ra1 {seems
wilder.} 60. e6 Ra5+ 61. Kc6 Kg6 62. Rf3 Ra6+) 60. Rd7 (60. e6 {with more
complications.} Ra5+ 61. Kc4 Ra4+ 62. Kd5 Ra5+) 60... Kf5 (60... Ra1 {is
interesting.} 61. e6 Ra5+ 62. Kd6 Kf6 63. Rf7+ Kg6) 61. Rf7+ (61. e6 {feels
hotter.} Ra5+ 62. Kd6 Ra6+ 63. Kd5) 61... Kg6 62. Re7 {Intending Re6+ and mate.
} (62. e6 {seems wilder.} Ra5+ 63. Kc4 Ra4+ 64. Kd5 Ra5+) 62... Ra5+ 63. Ke6
Ra6+ 64. Kd7 {White threatens Re6+ and mate.} Ra7+ 65. Kd6 Ra6+ 66. Kd5 {
White wants to mate with Re6+.} Ra5+ 67. Kd6 Ra6+ 68. Kd5 {Weighted Error
Value: White=0.14/Black=0.11} 1/2-1/2

[Event "23rd ETCC Open 2021"]
[Site "Catez"]
[Date "2021.11.19"]
[Round "7.30"]
[White "Urkedal, Frode Olav Olsen"]
[Black "Dastan, Muhammed Batuhan"]
[Result "1-0"]
[WhiteElo "2569"]
[BlackElo "2572"]
[Annotator "ChessBase"]
[PlyCount "61"]
[EventDate "2021.11.08"]
[EventType "team-tourn"]
[EventCountry "SLO"]
[SourceTitle "playchess.com"]
[Source "ChessBase"]
[SourceQuality "1"]
[WhiteTeam "Norway"]
[BlackTeam "Turkey"]
[WhiteTeamCountry "NOR"]
[BlackTeamCountry "TUR"]
[TimeControl "40/5400+30:1800+30"]

1. d4 d5 2. c4 c6 3. Nf3 Nf6 4. e3 a6 5. Nc3 b5 6. b3 Bg4 7. a4 bxc4 8. bxc4
Nbd7 9. Be2 e6 10. c5 a5 11. O-O Be7 12. Bd2 O-O 13. h3 Bxf3 14. Bxf3 e5 15.
Be2 Ne8 16. Na2 Nc7 17. Nc1 Ne6 18. Nb3 Qc7 19. Bc3 exd4 20. exd4 Ng5 21. Bd3
f5 22. Qe1 Rae8 23. Bxa5 Qb8 24. Qd1 Rf6 25. Bd2 Ne4 26. a5 f4 27. f3 Nxd2 28.
Qxd2 Qxb3 29. Rfb1 Nxc5 30. dxc5 Bxc5+ 31. Kh2 1-0

[Event "23rd ETCC Open 2021"]
[Site "Catez"]
[Date "2021.11.19"]
[Round "7.31"]
[White "Can, Emre"]
[Black "Hauge, Lars Oskar"]
[Result "1/2-1/2"]
[WhiteElo "2570"]
[BlackElo "2490"]
[Annotator "ChessBase"]
[PlyCount "68"]
[EventDate "2021.11.08"]
[EventType "team-tourn"]
[EventCountry "SLO"]
[SourceTitle "playchess.com"]
[Source "ChessBase"]
[SourceQuality "1"]
[WhiteTeam "Turkey"]
[BlackTeam "Norway"]
[WhiteTeamCountry "TUR"]
[BlackTeamCountry "NOR"]
[TimeControl "40/5400+30:1800+30"]

1. e4 e5 2. Nc3 Nc6 3. Bc4 Nf6 4. d3 Na5 5. Nge2 Be7 6. a4 Nxc4 7. dxc4 O-O 8.
O-O d6 9. Ng3 Be6 10. b3 Ne8 11. Be3 Bg5 12. Qd2 h6 13. Rad1 Bxe3 14. Qxe3 Qg5
15. Qd3 c6 16. a5 a6 17. Na4 Rd8 18. Qd2 Qe7 19. Rfe1 Kh7 20. h3 f6 21. Re3 g6
22. Nb6 h5 23. Ne2 f5 24. exf5 Bxf5 25. Ng3 Ng7 26. Ne4 Bxe4 27. Rxe4 Ne6 28.
b4 Nf4 29. Qe3 Qg5 30. Qg3 Qf5 31. Rde1 Rfe8 32. Qe3 Qg5 33. Qg3 Qf5 34. Qe3
Qg5 1/2-1/2

[Event "23rd ETCC Open 2021"]
[Site "Catez"]
[Date "2021.11.19"]
[Round "7.32"]
[White "Notkevich, Benjamin Arvola"]
[Black "Sanal, Vahap"]
[Result "0-1"]
[WhiteElo "2471"]
[BlackElo "2590"]
[Annotator "ChessBase"]
[PlyCount "72"]
[EventDate "2021.11.08"]
[EventType "team-tourn"]
[EventCountry "SLO"]
[SourceTitle "playchess.com"]
[Source "ChessBase"]
[SourceQuality "1"]
[WhiteTeam "Norway"]
[BlackTeam "Turkey"]
[WhiteTeamCountry "NOR"]
[BlackTeamCountry "TUR"]
[TimeControl "40/5400+30:1800+30"]

1. d4 Nf6 2. c4 e6 3. g3 Bb4+ 4. Bd2 Bxd2+ 5. Qxd2 d5 6. Nf3 c6 7. Bg2 Nbd7 8.
O-O b6 9. Nc3 O-O 10. Qc2 Ba6 11. Qa4 Bxc4 12. b3 Ne4 13. Rfc1 Nxc3 14. Rxc3
Bb5 15. Qb4 a5 16. Qd6 c5 17. e3 Qb8 18. Qf4 a4 19. Rac1 axb3 20. axb3 Be2 21.
Qh4 Qd8 22. Qf4 Qb8 23. Qh4 h6 24. e4 Bxf3 25. Rxf3 cxd4 26. exd5 Ne5 27. dxe6
Nxf3+ 28. Bxf3 Ra7 29. exf7+ Kh8 30. Bh5 Qd6 31. Re1 g6 32. Bd1 Kg7 33. Qg4 Ra1
34. Re4 d3 35. Rf4 Qd5 36. Ra4 h5 0-1

[Event "23rd ETCC Open 2021"]
[Site "Catez"]
[Date "2021.11.19"]
[Round "7.33"]
[White "Andersen, Mads"]
[Black "Navara, David"]
[Result "1/2-1/2"]
[WhiteElo "2575"]
[BlackElo "2699"]
[Annotator "TA"]
[PlyCount "42"]
[EventDate "2021.11.08"]
[EventType "team-tourn"]
[EventCountry "SLO"]
[SourceTitle "playchess.com"]
[Source "ChessBase"]
[SourceQuality "1"]
[WhiteTeam "Denmark"]
[BlackTeam "Czech Republic"]
[WhiteTeamCountry "DEN"]
[BlackTeamCountry "CZE"]

{[%evp 20,42,20,10,14,22,20,14,17,13,13,10,7,14,14,6,29,27,27,0,20,0,27,0,10]} 
1. d4 Nf6 2. c4 e6 3. Nf3 d5 4. g3 Be7 5. Bg2 O-O 6. O-O dxc4 7. Qc2 a6 8. a4
Bd7 9. Qxc4 Bc6 10. Bg5 Nbd7 $1 {[%mdl 4] outshines the older 10...Bd5.} 11.
Nc3 a5 {E05: Open Catalan: 5 Nf3 Be7.} 12. Rfd1 h6 13. Bxf6 Nxf6 14. Qb3 Qb8 {
[#]} 15. Ne5 $146 ({Predecessor:} 15. e3 Bd5 16. Qc2 Bxf3 17. Bxf3 c6 18. h4
Bb4 19. Na2 Bd6 20. Kg2 Qc7 21. Rab1 {1-0 (62) Dutra,A (2411)-Jørgensen,B 
(2360) ICCF email 2017}) 15... Bxg2 16. Kxg2 Rd8 17. Nc4 Bb4 18. Na2 Bf8 19.
Nc3 Bb4 20. Na2 Bf8 21. Nc3 Bb4 {An uneventful encounter.  Weighted Error
Value: White=0.09/Black=0.02} 1/2-1/2

[Event "23rd ETCC Open 2021"]
[Site "Catez"]
[Date "2021.11.19"]
[Round "7.34"]
[White "Nguyen, Thai Dai Van"]
[Black "Thybo, Jesper Sondergaard"]
[Result "1/2-1/2"]
[WhiteElo "2594"]
[BlackElo "2604"]
[Annotator "TA"]
[PlyCount "108"]
[EventDate "2021.11.08"]
[EventType "team-tourn"]
[EventCountry "SLO"]
[SourceTitle "playchess.com"]
[Source "ChessBase"]
[SourceQuality "1"]
[WhiteTeam "Czech Republic"]
[BlackTeam "Denmark"]
[WhiteTeamCountry "CZE"]
[BlackTeamCountry "DEN"]

{[%evp 17,108,29,37,35,31,24,34,25,20,18,22,23,36,5,7,5,6,0,7,0,17,0,6,0,0,6,0,
4,8,0,0,3,15,0,7,11,12,0,8,0,21,0,0,0,0,0,0,0,0,0,0,0,0,0,0,0,0,0,0,0,0,0,0,0,
0,0,0,0,0,0,0,0,0,0,0,0,0,0,0,0,0,0,0,0,0,0,0,0,0,0,0,0,0]} 1. d4 Nf6 2. c4 e6
3. Nc3 Bb4 4. Qc2 d5 5. a3 Bxc3+ 6. Qxc3 Ne4 7. Qc2 c5 8. dxc5 Nc6 9. Nf3 {
Nowadays more popular than 9.cxd5.} Qa5+ 10. Bd2 {E37: Nimzo-Indian: Classical:
4...d5 5 a3 Bxc3+ 6 Qxc3 Ne4.} Qxc5 11. e3 Nxd2 12. Nxd2 {White is slightly
better.} dxc4 13. Bxc4 O-O 14. b4 Qe7 {[#]} 15. Qb2 $146 ({Predecessor:} 15.
O-O Bd7 16. Qb2 Rfd8 17. Be2 Be8 18. Rfd1 Rac8 19. Rac1 Nb8 20. h3 Ba4 21. Rxc8
Rxc8 {1/2-1/2 (40) Dreev,A (2662)-Predke,A (2650) Izhevsk 2019}) 15... b6 {
The position is equal.} 16. O-O Bb7 17. Rfd1 Rfd8 18. Be2 Rac8 19. Bf3 Nb8 20.
Rac1 Bxf3 21. Nxf3 Rxd1+ 22. Rxd1 Nd7 23. h3 h6 24. Rc1 Qd8 25. Qd2 Rxc1+ (
25... Rc7 {feels hotter.} 26. Rd1 Qc8 27. b5 Nf6 28. Ne5 Ne4) 26. Qxc1 Nf6 27.
Nd4 Qd7 28. b5 Nd5 29. Qc6 Qxc6 30. Nxc6 $11 {[%mdl 4096] Endgame KN-KN} Kf8 $1
31. Nxa7 Ne7 32. Kf1 Ke8 33. Ke2 Kd7 34. Kd3 Kc7 35. Kc4 Kb7 36. Nc6 {[%cal
Rc6e7]} Nxc6 37. bxc6+ Kxc6 {KP-KP} 38. a4 h5 39. h4 f6 40. f3 Kc7 41. g4 g6 $1
42. Kb5 Kb7 43. gxh5 gxh5 44. f4 f5 $1 45. Kc4 {With the idea Kd4.} Ka6 46. Kb4
Ka7 47. a5 Ka6 {[#] White must now prevent ...b5.} 48. axb6 Kxb6 {K3P-K3P} 49.
Kc4 Kc6 50. Kd4 {Hoping for Ke5.} Kd6 51. e4 $1 fxe4 52. Kxe4 Ke7 53. Ke5 Kf7
$1 54. f5 exf5 {Weighted Error Value: White=0.03/Black=0.02} 1/2-1/2

[Event "23rd ETCC Open 2021"]
[Site "Catez"]
[Date "2021.11.19"]
[Round "7.35"]
[White "Bjerre, Jonas Buhl"]
[Black "Krejci, Jan"]
[Result "1-0"]
[WhiteElo "2569"]
[BlackElo "2565"]
[Annotator "ChessBase"]
[PlyCount "47"]
[EventDate "2021.11.08"]
[EventType "team-tourn"]
[EventCountry "SLO"]
[SourceTitle "playchess.com"]
[Source "ChessBase"]
[SourceQuality "1"]
[WhiteTeam "Denmark"]
[BlackTeam "Czech Republic"]
[WhiteTeamCountry "DEN"]
[BlackTeamCountry "CZE"]
[TimeControl "40/5400+30:1800+30"]

1. e4 e5 2. Nf3 Nf6 3. d4 Nxe4 4. Bd3 d5 5. Nxe5 Nd7 6. Nc3 Nxe5 7. dxe5 Bb4 8.
O-O Nxc3 9. bxc3 Bxc3 10. Rb1 O-O 11. Bxh7+ Kxh7 12. Qd3+ Kg8 13. Qxc3 Qd7 14.
Qg3 b6 15. h3 Qf5 16. Bg5 Re8 17. f4 Kh8 18. Rb3 d4 19. Qf2 c5 20. Rg3 Re6 21.
Rg4 Bb7 22. Qh4+ Qh7 23. f5 Rxe5 24. Bf6 1-0

[Event "23rd ETCC Open 2021"]
[Site "Catez"]
[Date "2021.11.19"]
[Round "7.36"]
[White "Plat, Vojtech"]
[Black "Rasmussen, Allan Stig"]
[Result "1/2-1/2"]
[WhiteElo "2548"]
[BlackElo "2577"]
[Annotator "ChessBase"]
[PlyCount "101"]
[EventDate "2021.11.08"]
[EventType "team-tourn"]
[EventCountry "SLO"]
[SourceTitle "playchess.com"]
[Source "ChessBase"]
[SourceQuality "1"]
[WhiteTeam "Czech Republic"]
[BlackTeam "Denmark"]
[WhiteTeamCountry "CZE"]
[BlackTeamCountry "DEN"]
[TimeControl "40/5400+30:1800+30"]

1. e4 c6 2. Nf3 d5 3. d3 g6 4. e5 Bg7 5. d4 f6 6. exf6 exf6 7. Bd3 Ne7 8. O-O
Bf5 9. Bxf5 Nxf5 10. Re1+ Kf7 11. c4 Re8 12. Rxe8 Qxe8 13. cxd5 cxd5 14. Nc3
Qd7 15. Qd3 Nc6 16. Bd2 Rc8 17. Rd1 Bf8 18. Qb5 a6 19. Qxd5+ Qxd5 20. Nxd5 Rd8
21. Nc3 Nfxd4 22. Nxd4 Rxd4 23. Be3 Rxd1+ 24. Nxd1 Bd6 25. Kf1 Ke6 26. h3 Nb4
27. a3 Nc2 28. Ke2 Kd5 29. Kd2 Nxe3 30. Nxe3+ Kd4 31. Nd1 f5 32. Nc3 Bc5 33. f3
Kc4 34. Kc2 Kd4 35. Kd2 Bd6 36. Ne2+ Kc4 37. Kc2 b5 38. g4 a5 39. gxf5 gxf5 40.
b3+ Kd5 41. Nc3+ Kc6 42. a4 bxa4 43. Nxa4 Be5 44. Kd3 Kb5 45. Kc2 Bg7 46. Kd3
Kb4 47. Kc2 Bd4 48. Nb2 Bxb2 49. Kxb2 Kc5 50. Kc3 Kd5 51. Kd3 1/2-1/2

[Event "23rd ETCC Open 2021"]
[Site "Catez"]
[Date "2021.11.19"]
[Round "7.37"]
[White "Subelj, Jan"]
[Black "Banikas, Hristos"]
[Result "1/2-1/2"]
[WhiteElo "2458"]
[BlackElo "2592"]
[Annotator "TA"]
[PlyCount "61"]
[EventDate "2021.11.08"]
[EventType "team-tourn"]
[EventCountry "SLO"]
[SourceTitle "playchess.com"]
[Source "ChessBase"]
[SourceQuality "1"]
[WhiteTeam "Slovenia"]
[BlackTeam "Greece"]
[WhiteTeamCountry "SLO"]
[BlackTeamCountry "GRE"]

{[%evp 15,61,13,13,0,8,-15,-10,-10,-6,-12,11,10,18,7,20,0,8,-7,0,0,0,0,0,0,19,
0,13,0,11,13,20,0,26,0,0,0,0,-5,18,0,0,0,15,0,0,0,22,0]} 1. e4 c5 2. Nf3 e6 3.
d4 cxd4 4. Nxd4 Nc6 5. Nb5 d6 6. c4 Nf6 7. N1c3 a6 8. Nd4 Bd7 9. Be2 {B44:
Sicilian: Taimanov: 5 Nb5.} Rc8 10. Nb3 Ne5 {[%cal Bc6e5,Be5g6,Bg6f4,Bf4e2]
[%mdl 32]} 11. Nd2 Ng6 12. O-O {[#]} Nf4 $146 ({Predecessor:} 12... Bc6 13. Re1
Be7 14. Bf1 O-O 15. Nb3 b6 16. a4 Ba8 17. Nd4 Qc7 18. f3 Ne5 {1/2-1/2 (28)
Velicka,P (2435)-Krejci,J (2490) Czech Republic 2016}) 13. Re1 Nxe2+ 14. Qxe2
Qa5 15. Rb1 Be7 16. Nf3 O-O 17. Bd2 Qh5 18. a4 Rfd8 19. b3 Be8 20. Rbd1 Nd7 21.
Bf4 Nf8 22. Be3 Qa5 23. Bd4 Rd7 24. Qb2 Ng6 {The position is equal.} 25. Ne2
Bf8 26. Bc3 Qc5 27. Bd4 Qa5 28. Bc3 Qc5 29. Bd4 Qa5 30. Bc3 Qc5 31. Bd4 {
A rather calm draw.  Weighted Error Value: White=0.08/Black=0.05} 1/2-1/2

[Event "23rd ETCC Open 2021"]
[Site "Catez"]
[Date "2021.11.19"]
[Round "7.38"]
[White "Pavlidis, Antonios"]
[Black "Dobrovoljc, Vid"]
[Result "1-0"]
[WhiteElo "2536"]
[BlackElo "2414"]
[Annotator "ChessBase"]
[PlyCount "117"]
[EventDate "2021.11.08"]
[EventType "team-tourn"]
[EventCountry "SLO"]
[SourceTitle "playchess.com"]
[Source "ChessBase"]
[SourceQuality "1"]
[WhiteTeam "Greece"]
[BlackTeam "Slovenia"]
[WhiteTeamCountry "GRE"]
[BlackTeamCountry "SLO"]
[TimeControl "40/5400+30:1800+30"]

1. e4 e5 2. Nf3 Nc6 3. Bc4 Nf6 4. d3 Bc5 5. c3 h6 6. O-O d6 7. Re1 O-O 8. h3
Bb6 9. Nbd2 Ne7 10. d4 Nc6 11. dxe5 Nxe5 12. Nxe5 dxe5 13. Qf3 Be6 14. Bf1 c6
15. Nc4 Bc7 16. Rd1 Nd7 17. Nd6 Qe7 18. Nf5 Qf6 19. Be3 Rfd8 20. Nxh6+ gxh6 21.
Rxd7 Qxf3 22. Rxd8+ Rxd8 23. gxf3 f5 24. exf5 Bxf5 25. Bxh6 Kf7 26. Be3 Be6 27.
c4 a6 28. a3 Rh8 29. Kh2 Kf6 30. Re1 Kf5 31. b3 Bc8 32. Bc1 Kg6 33. Kg3 Bd8 34.
Bb2 Bh4+ 35. Kh2 Bxf2 36. Rxe5 Rf8 37. Bd3+ Kf7 38. Bf5 Bh4 39. Bxc8 Rxc8 40.
Rh5 Be7 41. f4 Kg6 42. Re5 Kf7 43. Kg3 Rd8 44. Kf3 Rd1 45. Re2 Bd6 46. a4 Rf1+
47. Rf2 Rxf2+ 48. Kxf2 Bxf4 49. Kf3 Bh6 50. h4 Ke6 51. Ke4 Bf8 52. Bc1 Kf6 53.
Bg5+ Kg6 54. Ke5 b5 55. Ke6 bxa4 56. bxa4 Bb4 57. Kd7 c5 58. Kc6 Kh5 59. Kb6
1-0

[Event "23rd ETCC Open 2021"]
[Site "Catez"]
[Date "2021.11.19"]
[Round "7.39"]
[White "Tisaj, Domen"]
[Black "Kourkoulos-Arditis, Stamatis"]
[Result "0-1"]
[WhiteElo "2369"]
[BlackElo "2524"]
[Annotator "ChessBase"]
[PlyCount "92"]
[EventDate "2021.11.08"]
[EventType "team-tourn"]
[EventCountry "SLO"]
[SourceTitle "playchess.com"]
[Source "ChessBase"]
[SourceQuality "1"]
[WhiteTeam "Slovenia"]
[BlackTeam "Greece"]
[WhiteTeamCountry "SLO"]
[BlackTeamCountry "GRE"]
[TimeControl "40/5400+30:1800+30"]

1. d4 Nf6 2. c4 g6 3. g3 Bg7 4. Bg2 O-O 5. Nc3 d6 6. Nf3 c6 7. O-O Bf5 8. Nh4
Be6 9. d5 cxd5 10. cxd5 Bd7 11. Be3 Na6 12. Rc1 Qa5 13. Nf3 Rfc8 14. a3 Nc7 15.
Ne1 Nb5 16. Na2 Rxc1 17. Bxc1 Rc8 18. Bd2 Qd8 19. a4 Nc7 20. Ba5 Qe8 21. b3 Na6
22. Nd3 Bf5 23. Bc3 Qf8 24. Bd4 Bxd3 25. Qxd3 Nc5 26. Qd1 Nfd7 27. Be3 a5 28.
Bh3 f5 29. Bd2 b6 30. b4 axb4 31. Nxb4 Ra8 32. Re1 Rxa4 33. Nc6 Ne5 34. Nxe5
Bxe5 35. Qb1 Ne4 36. Qb3 Qa8 37. Be3 Ra1 38. Rxa1 Qxa1+ 39. Kg2 Bd4 40. Qb5 Kf7
41. Qd3 Bxe3 42. Qxe3 Nc5 43. g4 fxg4 44. Bxg4 Qf6 45. Qh6 Kg8 46. e3 b5 0-1

[Event "23rd ETCC Open 2021"]
[Site "Catez"]
[Date "2021.11.19"]
[Round "7.40"]
[White "Kelires, Andreas"]
[Black "Stevanic, David"]
[Result "1-0"]
[WhiteElo "2535"]
[BlackElo "2318"]
[Annotator "ChessBase"]
[PlyCount "81"]
[EventDate "2021.11.08"]
[EventType "team-tourn"]
[EventCountry "SLO"]
[SourceTitle "playchess.com"]
[Source "ChessBase"]
[SourceQuality "1"]
[WhiteTeam "Greece"]
[BlackTeam "Slovenia"]
[WhiteTeamCountry "GRE"]
[BlackTeamCountry "SLO"]
[TimeControl "40/5400+30:1800+30"]

1. d4 Nf6 2. Nf3 g6 3. Bg5 Bg7 4. Nbd2 d5 5. e3 O-O 6. Be2 b6 7. O-O Bb7 8. c3
Ne4 9. Bh4 Nd7 10. a4 a5 11. Nxe4 dxe4 12. Nd2 h6 13. f3 g5 14. Bg3 Nf6 15.
fxe4 Nxe4 16. Nxe4 Bxe4 17. Bf3 Bxf3 18. Qxf3 e6 19. Qc6 Rc8 20. e4 Qe8 21. Qc4
Qe7 22. Rad1 h5 23. h3 h4 24. Bh2 f6 25. Kh1 Kh7 26. Rd2 f5 27. exf5 exf5 28.
Qd3 Qd7 29. Re2 Rf7 30. Be5 Bxe5 31. Rxe5 Kg6 32. Rfe1 Rcf8 33. b3 Rf6 34. c4
Rd8 35. d5 c6 36. Qd4 cxd5 37. Rxd5 Rd6 38. Ree5 Qc6 39. Qd3 Kh6 40. Qxf5 Rg8
41. Rxd6+ 1-0